Paddy under water /

Paddy's underwater adventures include rescuing a small sea monster from an octopus, meeting King Neptune, and following a pack of mermaids to find a treasure chest. Features half pages that reveal hidden portions of the illustrations.

Bibliographic Details
Main Author: Goodall, John S.
Format: Book
Language:English
Published: New York : Atheneum, 1984.
Edition:1st American ed.
Subjects:

MARC

Tag First Indicator Second Indicator Subfields
LEADER 00000cam a2200000 a 4500
001 in00001409906
005 20151020070414.0
008 830527r1984uuuunyua j 000 1 eng
010 |a  83071901  
019 |a 11437289 
020 |a 0689502974 :  |c $6.95 
035 |a (OCoLC)11437544 
035 |9 AHP8843AM 
040 |a DLC  |c DLC  |d UtOrBLW 
049 |a TXAG 
050 0 0 |a PZ7.G6018  |b Pac 1984 
100 1 |a Goodall, John S. 
245 1 0 |a Paddy under water /  |c John S. Goodall. 
250 |a 1st American ed. 
264 1 |a New York :  |b Atheneum,  |c 1984. 
300 |a 30 unnumbered pages :  |b all color illustrations ;  |c 14 x 18 cm. 
336 |a text  |b txt  |2 rdacontent 
337 |a unmediated  |b n  |2 rdamedia 
338 |a volume  |b nc  |2 rdacarrier 
500 |a "A Margaret K. McElderry book." 
520 |a Paddy's underwater adventures include rescuing a small sea monster from an octopus, meeting King Neptune, and following a pack of mermaids to find a treasure chest. Features half pages that reveal hidden portions of the illustrations. 
650 0 |a Toy and movable books  |v Specimens. 
650 1 |a Pigs  |x Fiction. 
650 1 |a Underwater exploration  |x Fiction. 
650 1 |a Stories without words. 
650 1 |a Toy and movable books. 
948 |a c:en 
999 |a MARS 
999 f f |s b46b0978-4042-3957-bf99-0f7d4193556e  |i a85223af-1e40-33ab-9182-95317a1d9c47  |t 0 
952 f f |p ric  |a Texas A&M University  |b Rellis Campus  |c Joint Library Facility  |d Remote Storage  |t 0  |e PZ7.G6018 Pac 1984  |h Library of Congress classification  |i unmediated -- volume  |m A14822370193 
998 f f |a PZ7.G6018 Pac 1984  |t 0  |l Remote Storage